书目信息 |
| 题名: |
谈规律
|
|
| 作者: | 陆魁宏 著 | |
| 分册: | ||
| 出版信息: | 长沙 湖南人民出版社 1982 |
|
| 页数: | 196页 | |
| 开本: | 19cm | |
| 丛书名: | 哲学入门 | |
| 单 册: | ||
| 中图分类: | B022.2 , B017 | |
| 科图分类: | ||
| 主题词: | 规律 , 哲学基本问题 | |
| 电子资源: | ||
| ISBN: | ||
| 000 | 00657nam2 2200277 45 | |
| 001 | 1253495569 | |
| 005 | 20120930121759.50 | |
| 010 | @dCNY0.50 | |
| 091 | @aCN@b2109.35 | |
| 100 | @a19950525d1982 em y0chiy0121 ea | |
| 101 | 0 | @achi |
| 102 | @aCN@b430000 | |
| 105 | @ay z 000yy | |
| 200 | 10 | @a谈规律@Atan gui lv@f陆魁宏著 |
| 210 | @a长沙@c湖南人民出版社@d1982 | |
| 215 | @a196页@d19cm | |
| 225 | 2 | @a哲学入门 |
| 410 | 0 | @120010@a哲学入门 |
| 606 | 0 | @a规律 |
| 606 | 0 | @a哲学基本问题 |
| 690 | @aB022.2@v3 | |
| 690 | @aB017@v4 | |
| 701 | 0 | @a陆魁宏@Alu kui hong@4著 |
| 801 | 0 | @aCN@bTSSF |
| 801 | 2 | @aCN@bNLC |
| 905 | @a10447@dB017@eJY34 | |
| 谈规律/陆魁宏著.-长沙:湖南人民出版社,1982 |
| 196页;19cm.-(哲学入门) |
| ISBN :CNY0.50 |
| ● |
| 相关链接 |
|
|
|
|
正题名:谈规律
索取号:B017/JY34
 
预约/预借
| 序号 | 登录号 | 条形码 | 馆藏地/架位号 | 状态 | 备注 |
| 1 | 7809662 | 278096622 | 学院路分馆/ [索取号:B017/JY34] | 在馆 | |
| 2 | 7809663 | 278096631 | 学院路分馆/ [索取号:B017/JY34] | 在馆 |